000 00482nam a2200181Ia 4500
999 _c22502
_d22502
003 OSt
005 20200709143734.0
008 190216s9999||||xx |||||||||||||| ||und||
020 _a8172049242
040 _coclc
082 _a297
_bSUR/S
100 _aSurayya
_91973
245 0 _aSasneham /
_cSurayya
260 _bIslamic Publishing House,
_c2003.
_aKozhikode:
300 _a54p
650 _aIslamic History
942 _cBK
_2ddc
_h297
_iSUR/S
_k297
_mSUR/S